00232nam a2200073Ia 4500008004100000082000800041100001700049245009200066240331s9999 xx 000 0 und d bBUI aMayer, M. ed 0aBuilding local capacities for peace :brethinking conflict and development in Sri Lanka